Histología: texto y atlas color con biología celular y molecular

Saved in:
Bibliografiske detaljer
Hovedforfatter: Ross, Michael H (autor)
Andre forfattere: Pawlina, Wojciech (autor)
Format: Bog
Udgivet: Buenos Aires, Argentina: Médica Panamericana, 2007.
Udgivelse:5ª Edición.
Fag:
Tags: Tilføj Tag
Ingen Tags, Vær først til at tagge denne postø!

MARC

LEADER 00000nam a22000007a 4500
003 CL-VaPUC
005 20241217110354.0
008 220823t2007 ||||| |||| 00| 0 eng d
999 |c 438454  |d 438452 
020 |a 978-950-06-0435-2 
040 |c Pontificia Universidad Católica de Valparaíso 
082 0 4 |a 611.018 ROS 2007  |2 21 
100 0 |a Ross, Michael H  |9 584291  |e autor 
245 1 0 |a Histología: texto y atlas color con biología celular y molecular 
250 |a 5ª Edición. 
260 0 3 |a Buenos Aires, Argentina:  |b Médica Panamericana,  |c 2007. 
300 |a 974 páginas   |e + 1 CD. 
500 |a Reposición por pérdida. MEM CUR 25-7-2022 
583 |a last modification  |c 20160114 01:07:00  |k Cristina María Rojas Aguilar 
650 0 |a Biología celular  |x Histología  |9 264868  |v Atlas 
650 0 |a Biología molecular  |x Citología  |9 261432 
650 0 |a Histogénesis  |x Tejidos  |9 362207 
650 0 |a Fisiología humana  |x Cuerpo humano  |9 358386 
700 |a Pawlina, Wojciech  |e autor  |9 585025 
942 |c BK  |2 ddc 
952 |0 0  |1 0  |2 ddc  |4 0  |6 611_018000000000000_ROS_2007  |7 0  |8 A  |9 586388  |a BIBCUR  |b BIBCUR  |c GEN  |d 2022-08-23  |e Reposición por pérdida   |i 5654270  |l 8  |o 611.018 ROS 2007  |p 5654270  |r 2025-04-22  |s 2024-11-21  |t 1  |w 2022-08-23  |y BK  |k TEM